Un método de enseñanza de las ciencias para la EMTP
Saved in:
| Format: | Bog |
|---|---|
| Sprog: | spansk |
| Udgivet: |
Santiago
CIDE
1993
|
| Fag: | |
| Tags: |
Tilføj Tag
Ingen Tags, Vær først til at tagge denne postø!
|
MARC
| LEADER | 00000nam a2200000 a 4500 | ||
|---|---|---|---|
| 001 | UCY0584 | ||
| 003 | CL-VaPUC | ||
| 008 | 940805e19930000CL |||||||||||||||||spa|d | ||
| 082 | 0 | 4 | |a 372.246 |b MET |2 21 |
| 245 | 1 | 3 | |a Un método de enseñanza de las ciencias para la EMTP |
| 300 | |a 39 h | ||
| 942 | |c BK | ||
| 945 | |d 19940805 00:00:00 |a rbrito | ||
| 260 | |a Santiago |b CIDE |c 1993 | ||
| 650 | 0 | |a Educación tecnológica |9 307597 | |
| 650 | 0 | |a Métodos de enseñanza |9 270413 | |
| 650 | 0 | |a Educación científica |9 307484 | |
| 583 | |a last modification |c 20180328 12:27:54 |k Rodrigo Vera | ||
| 999 | |c 229551 |d 229549 | ||
| 952 | |0 0 |1 0 |4 0 |6 372_246000000000000_MET_1993 |7 0 |8 P |9 230811 |a BIBEDU |b BIBEDU |c BIBEDU_PB |d 2019-11-15 |i 2998742 |o 372.246 MET 1993 |p 2998742 |r 2024-01-25 |w 2019-11-15 |y BK |k EDU | ||